MARC

LEADER 00000nab a2200000 a 4500
001 vtls011581492
003 SK-MaSNL
005 20260303084230.0
008 160926c2016 xo qr0p 000 a slo
015 |a SNBRB2015/04 
038 |a BAULUV 
040 |a BAULUV  |b slo  |c BAULUV  |e AACR2 
041 |a slo  |b eng 
044 |a xo  |c SK 
072 7 |a 394  |x Verejný a spoločenský život. Každodenný život  |2 konspekt 
080 |a 746.1  |2 2011 
080 |a 677.11  |2 2011 
080 |a 677.31  |2 2011 
100 1 |a Derňárová, Sylvia  |4 aut  |9 1086829 
245 1 0 |a Oprášili stredovek  |c Sylvia Derňárová 
300 |b Fotogr. 
600 1 7 |a Tóthová, Hana  |2 BAULUVPH  |9 485362 
650 0 7 |a Kompánia trnavských žoldnierov (skupina historického šermu)  |2 BAULUVPH  |9 1091910 
650 0 7 |a výroba tkanín  |2 BAULUVPH  |9 1091911 
650 0 7 |a Company (historical fencing group)  |2 BAULUVPHeng  |9 1091912 
650 0 7 |a Medieval Life Reconstruction  |2 BAULUVPHeng  |9 1091913 
650 0 7 |a pokusné pestovanie ľanu  |2 BAULUVPH  |9 1091914 
650 0 7 |a spracovanie vlny  |2 BAULUVPH  |9 1089379 
650 0 7 |a rekonštrukcie dobového života  |2 BAULUVPH  |9 1091915 
655 7 |a články z novín a časopisov  |2 SNKPH  |9 267496 
773 0 |t Remeslo, umenie, dizajn  |p RUD  |g Roč. 17, č. 3 (2016), s. 36  |x 1335-5457 
852 |a BAULUV  |b KIS3GCP 
856 2 |u http://www.uluv.sk/sk/web/casopis-rud/archiv/rok-2016/rud-032016/oprasili-stredovek/ 
958 |a SK 
958 |a RBX 
999 |c 1794607  |d 1796537